000 00561nam a2200169 i 4500
001 150538
003 ES-MaACL
005 20230906203549.0
007 t|
008 071031s1976 sp ||||1| spa d
100 1 _aValdés Ruiz, Manuel.
_9112532
245 1 3 _aLa política educativa de España en el último siglo
_b: discurso... solemne apertura del curso 1976-77 /
_cManuel Valdés Ruiz.
260 _aValencia :
_bUniversidad,
_c[1976]
300 _a220 p. ;
_c24 cm.
710 2 _aUniversidad de Valencia.
_97314
852 _aES-MaACL
_jA-6264
_bR.95114
999 _c150538
_d150538